R6 Pro Players with photos - Statistics

General Stats
  • This quiz has been taken 199 times
    197 since last reset
  • The average score is 59 of 245
Answer Stats
Picture Answer % Correct
Doki
78%
Shaiiko
65%
dan
61%
Virtue
50%
Fabian
49%
JJBlazt
47%
Adrian
46%
Benjamaster
46%
Fettuccine
46%
Ambi
45%
Canadian
45%
Stompn
45%
Beaulo
44%
CTZN
44%
LikEfac
44%
Pengu
44%
Rexen
44%
HerdsZ
43%
Julio
43%
Alem4o
42%
bbySharKK
42%
Gunnar
42%
JoyStiCK
42%
Kobelax
42%
Kyno
42%
p4sh4
42%
Bae
41%
BriD
41%
Jv92
41%
njr
41%
Reeps96
41%
Spoit
41%
Cyber
40%
Forrest
40%
nade
40%
BlaZ
39%
dfuzr
39%
Dream
39%
FoxA
39%
Fultz
39%
Gaveni
39%
Gryxr
39%
Hotancold
39%
Kanzen
39%
KDS
39%
LaXInG
39%
nesk
39%
Paluh
39%
Panbazou
39%
Yuzus
39%
Handyy
38%
Kheyze
38%
ShepparD
38%
Solotov
38%
jume
37%
Mowwwgli
37%
soulz1
37%
SpiriTz
37%
Always
36%
iconic
36%
Mint
36%
VITAKING
36%
FelipoX
35%
Geometrics
35%
Pojoman
35%
Robby
35%
Spiker
35%
supr
35%
BlackRay
34%
cameram4n
34%
Kantoraketti
34%
Savage
34%
d4sh
33%
Loira
33%
NoaUrz
33%
UUNO
33%
Hashom
32%
KangruKenny
32%
Ashn
31%
Gruby
31%
LeonGids
31%
Nuers
31%
Achieved
30%
Bosco
30%
Budega
30%
Deapek
30%
Dodez
30%
Fntzy
30%
GMZ
30%
P4
30%
Renshiro
30%
volpz
30%
Yoggah
30%
AsK
29%
Hat
29%
J9O
28%
AceeZ
27%
BiBoo
27%
L0BIN
27%
Nafe
27%
Shuttle
27%
Woogiman
27%
Anitun
26%
cryn
26%
Lagonis
26%
Merc
26%
Surf
26%
Thinkingnade
26%
Twister
26%
Bullet1
25%
Fishoguy
25%
Goga
25%
Lyloun
25%
nudl
25%
pino
25%
Ramalho
25%
Terd
25%
BC
24%
Leadr
24%
Dotz
23%
Jigsaw
23%
Norris
23%
Packer
23%
xS3xyCake
23%
Atom
22%
Elemzje
22%
gohaN
22%
MentalistC
22%
Rampy
22%
Stooflex
22%
Yeti
22%
Dov2hkiin
21%
Scyther
21%
Acez
20%
Ape
20%
DiasLucasBr
20%
Gity
20%
RaFaLe
20%
risze
20%
SHA77E
20%
Skys
20%
Spiff
20%
Hovenherst
19%
Jlad
19%
karzheka
19%
Astro
18%
b1ologic
18%
Hatez
18%
Kendrew
18%
Lasmooo
18%
Maia
18%
meepeY
18%
VertcL
18%
Wizard
18%
Psycho
17%
Silent
17%
Asa
16%
Dora
16%
Ecl9pse
16%
Freq
16%
Guardz
16%
Hyper
16%
Prano
16%
Sua
16%
Blurr
15%
coted
15%
Ghostriddik
15%
kondz
15%
Miracle
15%
Pacbull
15%
resetz
15%
RIN
15%
Sarks
15%
Shiinka
15%
SkyZs
15%
yass
15%
Chala
14%
EnvyTaylor
14%
neLo
14%
Odah
14%
sprOnigiri
14%
T3b
14%
Chibisu
13%
Dpfire
13%
GoodBoy
13%
Hungry
13%
Muzi
13%
Soldier
13%
Wifi
13%
wTg
13%
Arcully
12%
DEADSHT
12%
Jeggz
12%
Sloth
12%
Stk
12%
Creedz
11%
Mephi
11%
ShuReap
11%
SpeakEasy
11%
Asphy
10%
AzoXx
10%
CATsang
10%
Lollo
10%
SirBoss
10%
Grizzly
9%
Kamikaze
9%
m1loN
9%
jNSzki
8%
Kayak
8%
Nayqo
8%
X.Ke
8%
P9
7%
Rec
7%
Saves
7%
SlebbeN
7%
Tyrant
7%
Amision
6%
ASTRO
6%
azzr
6%
DD
6%
Oscr
6%
Panix
6%
Ryce
6%
Demic
5%
Joe
5%
Joker619
5%
Madskills
5%
Pikan
5%
Sironeko
5%
Arukaze
4%
Jaksu
4%
Jonka
4%
Neskin
4%
OkOmEsH
4%
Pyon
4%
Tr1ixd
4%
Valantino
4%
Wqsyo1
4%
Frenchy
3%
Gemini
3%
Harp3rXD
3%
Novys
2%
SRSLy
2%
eXoduSS
1%
Keenan
1%
No matching quizzes found
Score Distribution
Percent of People with Each Score
Percentile by Number Answered
Your Score History
You have not taken this quiz since the last reset